[Event "45th FIDE Chess Olympiad Open"]
[Site "Budapest, Hungary"]
[Date "2024.09.21"]
[Round "10"]
[White "Al Ibrahim, Abdulrahman"]
[Black "Elbilia, Jacques"]
[Result "1/2-1/2"]
[Board "262"]
[WhiteFideId "10300503"]
[BlackFideId "9000127"]
[BlackTitle "FM"]
[WhiteElo "1932"]
[BlackElo "2343"]
[WhiteTeam "Kuwait"]
[BlackTeam "Morocco"]
[WhiteClock "0:19:34"]
[BlackClock "0:18:39"]
[Variant "Standard"]

1. e4 {[%clk 1:30:57]}  e5 {[%clk 1:30:52]} 2. Nf3 {[%clk 1:31:20]}  Nc6 {[%clk 1:31:16]} 3. Bb5 {[%clk 1:31:43]}  a6 {[%clk 1:31:27]} 4. Ba4 {[%clk 1:32:07]}  Nf6 {[%clk 1:31:52]} 5. d3 {[%clk 1:32:31]}  b5 {[%clk 1:31:35]} 6. Bb3 {[%clk 1:32:55]}  Bc5 {[%clk 1:32:00]} 7. Nc3 {[%clk 1:32:00]}  d6 {[%clk 1:16:30]} 8. Nd5 {[%clk 1:31:03]}  h6 {[%clk 1:15:22]} 9. c3 {[%clk 1:31:13]}  Be6 {[%clk 1:14:42]} 10. Nxf6+ {[%clk 1:17:51]}  Qxf6 {[%clk 1:13:54]} 11. O-O {[%clk 1:16:01]}  O-O {[%clk 0:59:12]} 12. Bxe6 {[%clk 1:15:21]}  fxe6 {[%clk 0:59:33]} 13. b4 {[%clk 1:15:35]}  Bb6 {[%clk 0:58:50]} 14. a4 {[%clk 1:15:34]}  Ne7 {[%clk 0:53:00]} 15. Be3 {[%clk 1:14:08]}  Ng6 {[%clk 0:46:14]} 16. axb5 {[%clk 1:04:52]}  axb5 {[%clk 0:46:38]} 17. Rxa8 {[%clk 1:04:03]}  Rxa8 {[%clk 0:47:01]} 18. Bxb6 {[%clk 1:04:25]}  cxb6 {[%clk 0:47:25]} 19. Qe2 {[%clk 0:54:44]}  Rc8 {[%clk 0:43:40]} 20. Rc1 {[%clk 0:53:21]}  Kh7 {[%clk 0:36:15]} 21. Qe3 {[%clk 0:51:29]}  Rc6 {[%clk 0:36:01]} 22. d4 {[%clk 0:40:29]}  Qd8 {[%clk 0:35:14]} 23. g3 {[%clk 0:38:58]}  Rc4 {[%clk 0:29:23]} 24. dxe5 {[%clk 0:35:58]}  Nxe5 {[%clk 0:24:19]} 25. Nxe5 {[%clk 0:36:11]}  dxe5 {[%clk 0:24:41]} 26. Ra1 {[%clk 0:27:54]}  Qc7 {[%clk 0:24:15]} 27. Ra3 {[%clk 0:27:58]}  Qb7 {[%clk 0:20:10]} 28. f3 {[%clk 0:27:45]}  Rc8 {[%clk 0:20:19]} 29. Kg2 {[%clk 0:23:01]}  Rd8 {[%clk 0:20:30]} 30. Ra2 {[%clk 0:23:06]}  Rd6 {[%clk 0:18:47]} 31. Rd2 {[%clk 0:22:51]}  Qd7 {[%clk 0:19:01]} 32. Rxd6 {[%clk 0:22:58]}  Qxd6 {[%clk 0:19:26]} 33. h4 {[%clk 0:19:34]}  Kg6 {[%clk 0:18:39]} 1/2-1/2

[Event "45th FIDE Chess Olympiad Open"]
[Site "Budapest, Hungary"]
[Date "2024.09.21"]
[Round "10"]
[White "Ouakhir, Mehdi Pierre"]
[Black "Alsaqer, Meshal"]
[Result "0-1"]
[Board "263"]
[WhiteFideId "9000437"]
[BlackFideId "10301771"]
[WhiteTitle "FM"]
[WhiteElo "2191"]
[BlackElo "1815"]
[WhiteTeam "Morocco"]
[BlackTeam "Kuwait"]
[WhiteClock "0:01:25"]
[BlackClock "0:01:18"]
[Variant "Standard"]

1. b3 {[%clk 1:30:29]}  d5 {[%clk 1:30:39]} 2. e3 {[%clk 1:30:50]}  Nf6 {[%clk 1:30:51]} 3. Bb2 {[%clk 1:31:11]}  c6 {[%clk 1:30:44]} 4. f4 {[%clk 1:31:13]}  Bg4 {[%clk 1:29:52]} 5. Nf3 {[%clk 1:27:32]}  Nbd7 {[%clk 1:29:08]} 6. h3 {[%clk 1:26:52]}  Bxf3 {[%clk 1:29:01]} 7. Qxf3 {[%clk 1:26:55]}  Qc7 {[%clk 1:27:20]} 8. d3 {[%clk 1:17:57]}  e6 {[%clk 1:22:46]} 9. g4 {[%clk 1:16:07]}  O-O-O {[%clk 1:14:49]} 10. g5 {[%clk 1:06:19]}  Ne8 {[%clk 1:14:19]} 11. Nd2 {[%clk 1:06:46]}  Nd6 {[%clk 1:13:17]} 12. h4 {[%clk 1:02:24]}  h6 {[%clk 1:08:28]} 13. e4 {[%clk 0:54:07]}  Rg8 {[%clk 1:03:06]} 14. a4 {[%clk 0:45:51]}  Qa5 {[%clk 0:59:26]} 15. c3 {[%clk 0:42:31]}  Qc7 {[%clk 0:51:14]} 16. b4 {[%clk 0:42:03]}  Re8 {[%clk 0:43:09]} 17. c4 {[%clk 0:39:28]}  dxe4 {[%clk 0:41:12]} 18. dxe4 {[%clk 0:37:27]}  Kb8 {[%clk 0:37:21]} 19. c5 {[%clk 0:37:14]}  Nc8 {[%clk 0:37:36]} 20. Nc4 {[%clk 0:36:24]}  f6 {[%clk 0:35:56]} 21. a5 {[%clk 0:23:53]}  Be7 {[%clk 0:26:04]} 22. Bh3 {[%clk 0:19:08]}  hxg5 {[%clk 0:21:19]} 23. Bxe6 {[%clk 0:14:44]}  Rh8 {[%clk 0:20:03]} 24. f5 {[%clk 0:12:37]}  Rxh4 {[%clk 0:18:15]} 25. Rxh4 {[%clk 0:12:39]}  gxh4 {[%clk 0:18:36]} 26. Bc1 {[%clk 0:12:14]}  Ne5 {[%clk 0:16:42]} 27. Nxe5 {[%clk 0:12:15]}  fxe5 {[%clk 0:16:56]} 28. Bb2 {[%clk 0:11:36]}  Bf6 {[%clk 0:15:50]} 29. Rd1 {[%clk 0:09:55]}  Rd8 {[%clk 0:15:36]} 30. Kf2 {[%clk 0:08:03]}  a6 {[%clk 0:15:06]} 31. Rd3 {[%clk 0:06:53]}  Na7 {[%clk 0:14:18]} 32. Qd1 {[%clk 0:06:49]}  Rxd3 {[%clk 0:13:26]} 33. Qxd3 {[%clk 0:07:16]}  Nb5 {[%clk 0:13:24]} 34. Kg2 {[%clk 0:06:52]}  Nd4 {[%clk 0:12:07]} 35. Kh3 {[%clk 0:07:18]}  Qd8 {[%clk 0:11:17]} 36. Bc4 {[%clk 0:07:12]}  Ka7 {[%clk 0:10:21]} 37. Bc1 {[%clk 0:05:27]}  Qe8 {[%clk 0:09:23]} 38. Qd1 {[%clk 0:03:48]}  g6 {[%clk 0:07:07]} 39. Qg4 {[%clk 0:04:05]}  gxf5 {[%clk 0:06:10]} 40. exf5 {[%clk 0:04:34]}  Qd7 {[%clk 0:05:20]} 41. Ba2 {[%clk 0:22:21]}  Nb5 {[%clk 0:31:05]} 42. Bc4 {[%clk 0:17:34]}  Nd4 {[%clk 0:29:45]} 43. Ba2 {[%clk 0:17:51]}  Qxf5 {[%clk 0:26:48]} 44. Qxf5 {[%clk 0:15:38]}  Nxf5 {[%clk 0:27:11]} 45. Bb1 {[%clk 0:15:53]}  Ne7 {[%clk 0:25:49]} 46. Kg4 {[%clk 0:13:58]}  Kb8 {[%clk 0:23:34]} 47. Bd2 {[%clk 0:10:42]}  Kc7 {[%clk 0:21:53]} 48. Be1 {[%clk 0:10:52]}  Kd7 {[%clk 0:20:09]} 49. Be4 {[%clk 0:07:33]}  Ke6 {[%clk 0:18:32]} 50. Bd2 {[%clk 0:07:15]}  Kd7 {[%clk 0:12:39]} 51. Be1 {[%clk 0:07:27]}  Kc7 {[%clk 0:11:42]} 52. Bd2 {[%clk 0:07:07]}  Nd5 {[%clk 0:11:32]} 53. Be1 {[%clk 0:04:33]}  Ne3+ {[%clk 0:07:41]} 54. Kf3 {[%clk 0:04:34]}  Nd5 {[%clk 0:07:55]} 55. Kg4 {[%clk 0:04:58]}  Bd8 {[%clk 0:07:52]} 56. Kf5 {[%clk 0:03:42]}  Kd7 {[%clk 0:05:50]} 57. Bd2 {[%clk 0:01:57]}  h3 {[%clk 0:03:53]} 58. Be1 {[%clk 0:01:40]}  h2 {[%clk 0:02:59]} 59. Bg3 {[%clk 0:00:33]}  Nxb4 {[%clk 0:02:09]} 60. Bxh2 {[%clk 0:00:50]}  Be7 {[%clk 0:01:17]} 61. Kxe5 {[%clk 0:00:54]}  Bxc5 {[%clk 0:01:31]} 62. Bf5+ {[%clk 0:01:18]}  Kd8 {[%clk 0:00:50]} 63. Ke6 {[%clk 0:00:40]}  Nd5 {[%clk 0:00:44]} 64. Bg3 {[%clk 0:00:53]}  Be7 {[%clk 0:00:40]} 65. Bf2 {[%clk 0:00:41]}  Bb4 {[%clk 0:00:35]} 66. Bh4+ {[%clk 0:00:47]}  Kc8 {[%clk 0:00:36]} 67. Bg3 {[%clk 0:00:32]}  Nc7+ {[%clk 0:00:51]} 68. Kf7+ {[%clk 0:00:57]}  Kb8 {[%clk 0:01:08]} 69. Bd7 {[%clk 0:01:01]}  Bxa5 {[%clk 0:01:25]} 70. Ke7 {[%clk 0:01:19]}  Ka7 {[%clk 0:01:18]} 71. Kd8 {[%clk 0:01:18]}  Nd5+ {[%clk 0:01:05]} 72. Ke8 {[%clk 0:01:31]}  Bb6 {[%clk 0:01:13]} 73. Be5 {[%clk 0:01:37]}  a5 {[%clk 0:01:17]} 74. Bf5 {[%clk 0:01:26]}  Bc5 {[%clk 0:01:11]} 75. Kd7 {[%clk 0:01:25]}  a4 {[%clk 0:01:18]} 0-1

[Event "45th FIDE Chess Olympiad Open"]
[Site "Budapest, Hungary"]
[Date "2024.09.21"]
[Round "10"]
[White "Alabdaljader, Mohammed"]
[Black "NAIT ELASRI BRAHIM"]
[Result "0-1"]
[Board "264"]
[WhiteFideId "10304290"]
[BlackFideId "9017518"]
[WhiteElo "1677"]
[BlackElo "1994"]
[WhiteTeam "Kuwait"]
[BlackTeam "Morocco"]
[WhiteClock "0:04:13"]
[BlackClock "0:08:14"]
[Variant "Standard"]

1. e4 {[%clk 1:30:57]}  c5 {[%clk 1:30:37]} 2. b3 {[%clk 1:31:18]}  d6 {[%clk 1:31:01]} 3. Bb2 {[%clk 1:31:40]}  Nf6 {[%clk 1:31:25]} 4. Nc3 {[%clk 1:31:38]}  Nbd7 {[%clk 1:30:21]} 5. Bb5 {[%clk 1:30:07]}  a6 {[%clk 1:30:42]} 6. Bxd7+ {[%clk 1:30:27]}  Bxd7 {[%clk 1:31:04]} 7. f4 {[%clk 1:30:15]}  Bc6 {[%clk 1:30:17]} 8. Qe2 {[%clk 1:30:20]}  e6 {[%clk 1:29:05]} 9. Nf3 {[%clk 1:30:11]}  b5 {[%clk 1:25:02]} 10. d3 {[%clk 1:24:53]}  Be7 {[%clk 1:21:45]} 11. O-O {[%clk 1:24:50]}  Nd7 {[%clk 1:18:59]} 12. a4 {[%clk 1:24:33]}  Bf6 {[%clk 1:16:58]} 13. Kh1 {[%clk 1:17:31]}  O-O {[%clk 1:12:14]} 14. Nd1 {[%clk 1:13:43]}  Bxb2 {[%clk 1:11:21]} 15. Nxb2 {[%clk 1:14:02]}  Qf6 {[%clk 1:10:33]} 16. Ra2 {[%clk 1:10:37]}  d5 {[%clk 1:06:14]} 17. exd5 {[%clk 1:08:02]}  exd5 {[%clk 1:05:45]} 18. Ne5 {[%clk 1:05:50]}  Rae8 {[%clk 0:53:33]} 19. d4 {[%clk 1:01:06]}  bxa4 {[%clk 0:43:28]} 20. Qxa6 {[%clk 0:54:43]}  axb3 {[%clk 0:38:46]} 21. cxb3 {[%clk 0:51:01]}  Re6 {[%clk 0:31:55]} 22. f5 {[%clk 0:40:39]}  Rd6 {[%clk 0:29:08]} 23. dxc5 {[%clk 0:36:57]}  Nxc5 {[%clk 0:28:03]} 24. Qb6 {[%clk 0:32:30]}  Ne4 {[%clk 0:25:15]} 25. Qd4 {[%clk 0:30:35]}  Bb5 {[%clk 0:24:56]} 26. Rf3 {[%clk 0:23:47]}  Re8 {[%clk 0:20:44]} 27. Nbd3 {[%clk 0:23:34]}  Bxd3 {[%clk 0:19:16]} 28. Rxd3 {[%clk 0:23:40]}  Qxf5 {[%clk 0:17:58]} 29. Nf3 {[%clk 0:18:24]}  Rde6 {[%clk 0:16:57]} 30. h3 {[%clk 0:16:59]}  Qf4 {[%clk 0:14:49]} 31. Ra1 {[%clk 0:16:53]}  Ng3+ {[%clk 0:15:06]} 32. Kh2 {[%clk 0:16:32]}  Ne4+ {[%clk 0:10:12]} 33. Kg1 {[%clk 0:15:28]}  Rg6 {[%clk 0:08:40]} 34. Qe5 {[%clk 0:14:01]}  Qxe5 {[%clk 0:06:46]} 35. Nxe5 {[%clk 0:14:26]}  Rd6 {[%clk 0:06:11]} 36. Ra7 {[%clk 0:13:38]}  Rf8 {[%clk 0:04:06]} 37. b4 {[%clk 0:13:35]}  f6 {[%clk 0:03:57]} 38. Nf3 {[%clk 0:13:38]}  Rfd8 {[%clk 0:03:24]} 39. Nd4 {[%clk 0:11:15]}  R6d7 {[%clk 0:01:29]} 40. Rda3 {[%clk 0:11:09]}  Nd6 {[%clk 0:00:38]} 41. b5 {[%clk 0:10:12]}  Rxa7 {[%clk 0:23:33]} 42. Rxa7 {[%clk 0:40:28]}  Rb8 {[%clk 0:23:21]} 43. Ra1 {[%clk 0:32:21]}  Rb7 {[%clk 0:22:11]} 44. Rb1 {[%clk 0:32:01]}  Kf7 {[%clk 0:21:40]} 45. Kf2 {[%clk 0:29:31]}  Ke7 {[%clk 0:20:26]} 46. g4 {[%clk 0:28:30]}  g6 {[%clk 0:19:56]} 47. Ke3 {[%clk 0:27:07]}  Nc4+ {[%clk 0:19:43]} 48. Kf4 {[%clk 0:26:56]}  Kd6 {[%clk 0:19:40]} 49. Ne2 {[%clk 0:22:50]}  Kc5 {[%clk 0:17:24]} 50. Nc3 {[%clk 0:22:06]}  Ra7 {[%clk 0:15:46]} 51. b6 {[%clk 0:12:22]}  Nxb6 {[%clk 0:12:52]} 52. Rxb6 {[%clk 0:12:51]}  Kxb6 {[%clk 0:12:53]} 53. Nxd5+ {[%clk 0:13:13]}  Kc5 {[%clk 0:11:36]} 54. Nxf6 {[%clk 0:13:32]}  Kd4 {[%clk 0:11:09]} 55. g5 {[%clk 0:09:21]}  Kd3 {[%clk 0:10:18]} 56. Kg3 {[%clk 0:08:13]}  Ke3 {[%clk 0:09:35]} 57. Nd5+ {[%clk 0:08:04]}  Ke4 {[%clk 0:09:47]} 58. Nf6+ {[%clk 0:08:32]}  Kf5 {[%clk 0:09:41]} 59. h4 {[%clk 0:07:34]}  h5 {[%clk 0:09:50]} 60. Kf3 {[%clk 0:06:13]}  Ra3+ {[%clk 0:10:02]} 61. Kg2 {[%clk 0:06:21]}  Kf4 {[%clk 0:10:04]} 62. Kh2 {[%clk 0:06:07]}  Kf3 {[%clk 0:10:09]} 63. Kh3 {[%clk 0:05:56]}  Ra1 {[%clk 0:10:04]} 64. Kh2 {[%clk 0:06:05]}  Ra4 {[%clk 0:10:31]} 65. Kh3 {[%clk 0:06:03]}  Kf2 {[%clk 0:10:26]} 66. Nd5 {[%clk 0:05:28]}  Rd4 {[%clk 0:10:12]} 67. Nf6 {[%clk 0:05:18]}  Kg1 {[%clk 0:10:04]} 68. Kg3 {[%clk 0:05:21]}  Rd3+ {[%clk 0:10:07]} 69. Kf4 {[%clk 0:05:39]}  Kh2 {[%clk 0:09:08]} 70. Ne4 {[%clk 0:05:21]}  Ra3 {[%clk 0:08:58]} 71. Ke5 {[%clk 0:05:03]}  Kh3 {[%clk 0:08:54]} 72. Kf6 {[%clk 0:05:16]}  Ra6+ {[%clk 0:09:08]} 73. Kg7 {[%clk 0:05:21]}  Kxh4 {[%clk 0:09:27]} 74. Kh6 {[%clk 0:05:39]}  Kg4 {[%clk 0:09:30]} 75. Nf6+ {[%clk 0:05:29]}  Kf5 {[%clk 0:09:53]} 76. Nd5 {[%clk 0:05:12]}  Kg4 {[%clk 0:08:12]} 77. Nf6+ {[%clk 0:05:27]}  Kf5 {[%clk 0:07:31]} 78. Nd5 {[%clk 0:05:51]}  Ke5 {[%clk 0:07:43]} 79. Ne7 {[%clk 0:05:22]}  h4 {[%clk 0:07:31]} 80. Kg7 {[%clk 0:03:54]}  Ra7 {[%clk 0:07:46]} 81. Kf8 {[%clk 0:04:13]}  Rxe7 {[%clk 0:08:14]} 0-1

[Event "45th FIDE Chess Olympiad Open"]
[Site "Budapest, Hungary"]
[Date "2024.09.21"]
[Round "10"]
[White "Andrade, Ivan"]
[Black "Gontcharov, Serguei"]
[Result "1-0"]
[Board "265"]
[WhiteFideId "14800039"]
[BlackFideId "8800871"]
[BlackTitle "CM"]
[WhiteElo "2132"]
[BlackElo "1927"]
[WhiteTeam "Mozambique"]
[BlackTeam "Bermuda"]
[WhiteClock "0:02:58"]
[BlackClock "0:02:35"]
[Variant "Standard"]

1. e4 {[%clk 1:30:59]}  c5 {[%clk 1:30:55]} 2. Nf3 {[%clk 1:31:12]}  e6 {[%clk 1:31:13]} 3. d4 {[%clk 1:31:34]}  cxd4 {[%clk 1:31:38]} 4. Nxd4 {[%clk 1:32:01]}  a6 {[%clk 1:31:59]} 5. Bd3 {[%clk 1:32:14]}  Bc5 {[%clk 1:32:02]} 6. Nb3 {[%clk 1:32:20]}  Ba7 {[%clk 1:32:27]} 7. O-O {[%clk 1:32:34]}  Nc6 {[%clk 1:32:44]} 8. Bf4 {[%clk 1:25:33]}  Qf6 {[%clk 1:26:42]} 9. Bd6 {[%clk 1:25:47]}  Nge7 {[%clk 1:14:30]} 10. a4 {[%clk 1:11:59]}  O-O {[%clk 1:06:32]} 11. c3 {[%clk 1:04:06]}  e5 {[%clk 1:03:23]} 12. Bc4 {[%clk 0:55:38]}  Re8 {[%clk 0:58:22]} 13. Na3 {[%clk 0:44:43]}  Ng6 {[%clk 0:47:42]} 14. g3 {[%clk 0:44:53]}  Nd4 {[%clk 0:41:58]} 15. Nxd4 {[%clk 0:35:30]}  exd4 {[%clk 0:41:58]} 16. Qb3 {[%clk 0:30:18]}  dxc3 {[%clk 0:30:22]} 17. Rad1 {[%clk 0:22:09]}  Ne5 {[%clk 0:22:40]} 18. Qxc3 {[%clk 0:20:36]}  Nxc4 {[%clk 0:15:09]} 19. Qxc4 {[%clk 0:20:38]}  Qe6 {[%clk 0:09:55]} 20. a5 {[%clk 0:11:09]}  b5 {[%clk 0:08:13]} 21. axb6 {[%clk 0:11:26]}  Bxb6 {[%clk 0:08:39]} 22. Qb4 {[%clk 0:11:02]}  Ba7 {[%clk 0:08:09]} 23. Nc4 {[%clk 0:10:49]}  a5 {[%clk 0:07:26]} 24. Nxa5 {[%clk 0:10:51]}  Ba6 {[%clk 0:07:43]} 25. Rfe1 {[%clk 0:10:49]}  Qf6 {[%clk 0:06:49]} 26. Qd2 {[%clk 0:11:01]}  Bb5 {[%clk 0:05:37]} 27. b4 {[%clk 0:10:37]}  Bb6 {[%clk 0:05:42]} 28. Kg2 {[%clk 0:10:38]}  Rec8 {[%clk 0:04:59]} 29. f3 {[%clk 0:10:06]}  Qc3 {[%clk 0:04:55]} 30. Qxc3 {[%clk 0:07:13]}  Rxc3 {[%clk 0:05:20]} 31. Rd5 {[%clk 0:06:52]}  Rc2+ {[%clk 0:05:19]} 32. Kh3 {[%clk 0:07:11]}  Ba4 {[%clk 0:04:42]} 33. Ra1 {[%clk 0:05:43]}  Bc6 {[%clk 0:04:57]} 34. Rdd1 {[%clk 0:02:01]}  Bxa5 {[%clk 0:04:28]} 35. bxa5 {[%clk 0:02:29]}  Bb5 {[%clk 0:03:52]} 36. Rdb1 {[%clk 0:02:45]}  Be2 {[%clk 0:03:43]} 37. a6 {[%clk 0:01:48]}  Bxf3 {[%clk 0:01:48]} 38. a7 {[%clk 0:01:37]}  Rcc8 {[%clk 0:02:04]} 39. Rb8 {[%clk 0:01:48]}  Bxe4 {[%clk 0:02:07]} 40. Rc1 {[%clk 0:01:53]}  Bc6 {[%clk 0:02:29]} 41. Rxc8+ {[%clk 0:02:11]}  Rxc8 {[%clk 0:02:52]} 42. Rxc6 {[%clk 0:02:31]}  dxc6 {[%clk 0:02:35]} 43. Bb8 {[%clk 0:02:58]} 1-0

[Event "45th FIDE Chess Olympiad Open"]
[Site "Budapest, Hungary"]
[Date "2024.09.21"]
[Round "10"]
[White "Lill, Sami"]
[Black "Jamal, Hamid Harmon Gulamo"]
[Result "0-1"]
[Board "266"]
[WhiteFideId "8800170"]
[BlackFideId "14801221"]
[WhiteTitle "CM"]
[WhiteElo "1902"]
[BlackElo "1960"]
[WhiteTeam "Bermuda"]
[BlackTeam "Mozambique"]
[WhiteClock "0:11:43"]
[BlackClock "1:31:25"]
[Variant "Standard"]

1. d4 {[%clk 1:30:50]}  Nf6 {[%clk 1:30:43]} 2. c4 {[%clk 1:31:10]}  g6 {[%clk 1:31:09]} 3. Nc3 {[%clk 1:31:26]}  Bg7 {[%clk 1:31:32]} 4. Nf3 {[%clk 1:31:42]}  O-O {[%clk 1:31:55]} 5. Bf4 {[%clk 1:31:47]}  d6 {[%clk 1:31:57]} 6. h3 {[%clk 1:31:58]}  Nbd7 {[%clk 1:32:17]} 7. e3 {[%clk 1:32:00]}  Re8 {[%clk 1:31:36]} 8. Be2 {[%clk 1:30:55]}  c6 {[%clk 1:31:40]} 9. O-O {[%clk 1:30:47]}  Qc7 {[%clk 1:30:44]} 10. b4 {[%clk 1:24:23]}  a5 {[%clk 1:29:32]} 11. b5 {[%clk 1:21:22]}  c5 {[%clk 1:29:08]} 12. a4 {[%clk 1:17:42]}  Nb6 {[%clk 1:27:38]} 13. Nd2 {[%clk 1:10:14]}  cxd4 {[%clk 1:25:53]} 14. exd4 {[%clk 1:09:44]}  e5 {[%clk 1:26:01]} 15. dxe5 {[%clk 1:07:26]}  dxe5 {[%clk 1:26:20]} 16. Bh2 {[%clk 1:06:52]}  Be6 {[%clk 1:25:56]} 17. Rc1 {[%clk 1:01:24]}  Rac8 {[%clk 1:23:32]} 18. Ncb1 {[%clk 0:53:12]}  Red8 {[%clk 1:20:30]} 19. c5 {[%clk 0:47:26]}  Nbd5 {[%clk 1:20:03]} 20. c6 {[%clk 0:37:48]}  b6 {[%clk 1:18:21]} 21. Bf3 {[%clk 0:30:40]}  Nf4 {[%clk 1:16:02]} 22. Bxf4 {[%clk 0:27:35]}  exf4 {[%clk 1:16:17]} 23. Qc2 {[%clk 0:26:13]}  Nd5 {[%clk 1:15:45]} 24. Ne4 {[%clk 0:18:14]}  Nb4 {[%clk 1:13:20]} 25. Qe2 {[%clk 0:18:22]}  Bb3 {[%clk 1:12:01]} 26. Nbc3 {[%clk 0:15:47]}  Rd4 {[%clk 1:11:55]} 27. Nd2 {[%clk 0:13:15]}  Be6 {[%clk 1:11:36]} 28. Rfd1 {[%clk 0:12:06]}  Rcd8 {[%clk 1:08:18]} 29. Nde4 {[%clk 0:08:47]}  Bc4 {[%clk 1:07:59]} 30. Rxd4 {[%clk 0:07:36]}  Rxd4 {[%clk 1:07:24]} 31. Qb2 {[%clk 0:03:36]}  Nd3 {[%clk 1:07:28]} 32. Qc2 {[%clk 0:03:23]}  Nxc1 {[%clk 1:06:51]} 33. Qxc1 {[%clk 0:03:50]}  h6 {[%clk 1:06:48]} 34. Nd2 {[%clk 0:02:08]}  Be6 {[%clk 1:05:37]} 35. Qc2 {[%clk 0:01:43]}  Kh7 {[%clk 1:03:58]} 36. h4 {[%clk 0:01:41]}  Qd8 {[%clk 1:03:37]} 37. Nf1 {[%clk 0:01:00]}  Rc4 {[%clk 1:03:50]} 38. Qd1 {[%clk 0:00:35]}  Qxh4 {[%clk 1:03:41]} 39. Bd5 {[%clk 0:00:32]}  Rxc3 {[%clk 1:03:22]} 40. Bxe6 {[%clk 0:00:33]}  fxe6 {[%clk 1:03:51]} 41. Qd7 {[%clk 0:25:51]}  f3 {[%clk 1:34:02]} 42. gxf3 {[%clk 0:23:18]}  Qh3 {[%clk 1:31:54]} 43. c7 {[%clk 0:15:05]}  Rc1 {[%clk 1:32:04]} 44. Qd3 {[%clk 0:15:08]}  Rxc7 {[%clk 1:32:24]} 45. Qd2 {[%clk 0:13:09]}  Qxf3 {[%clk 1:32:16]} 46. Kh2 {[%clk 0:11:43]}  Rc4 {[%clk 1:31:25]} 0-1

[Event "45th FIDE Chess Olympiad Open"]
[Site "Budapest, Hungary"]
[Date "2024.09.21"]
[Round "10"]
[White "Napoleao, Lourenco"]
[Black "Gontcharov, Dimitri"]
[Result "1-0"]
[Board "267"]
[WhiteFideId "14801302"]
[BlackFideId "8800979"]
[WhiteElo "1913"]
[BlackElo "1653"]
[WhiteTeam "Mozambique"]
[BlackTeam "Bermuda"]
[WhiteClock "0:16:49"]
[BlackClock "0:41:26"]
[Variant "Standard"]

1. d4 {[%clk 1:30:54]}  Nf6 {[%clk 1:30:44]} 2. Nc3 {[%clk 1:30:57]}  d5 {[%clk 1:30:59]} 3. Bf4 {[%clk 1:31:20]}  a6 {[%clk 1:31:10]} 4. e3 {[%clk 1:31:30]}  e6 {[%clk 1:31:24]} 5. Nf3 {[%clk 1:31:05]}  c5 {[%clk 1:30:35]} 6. Bd3 {[%clk 1:30:07]}  c4 {[%clk 1:28:58]} 7. Be2 {[%clk 1:30:30]}  b5 {[%clk 1:28:49]} 8. O-O {[%clk 1:30:54]}  Bb7 {[%clk 1:28:27]} 9. a3 {[%clk 1:31:11]}  Nc6 {[%clk 1:27:49]} 10. Re1 {[%clk 1:30:27]}  Be7 {[%clk 1:26:53]} 11. Ne5 {[%clk 1:25:41]}  O-O {[%clk 1:25:48]} 12. Bf3 {[%clk 1:24:52]}  Qb6 {[%clk 1:06:23]} 13. h4 {[%clk 1:18:55]}  Nxe5 {[%clk 1:00:25]} 14. dxe5 {[%clk 1:19:03]}  Nd7 {[%clk 0:59:29]} 15. h5 {[%clk 1:18:52]}  h6 {[%clk 0:59:24]} 16. Bg3 {[%clk 1:13:56]}  Rfd8 {[%clk 0:57:36]} 17. Ne2 {[%clk 1:01:58]}  Qc7 {[%clk 0:54:19]} 18. Qd4 {[%clk 1:01:47]}  Bc5 {[%clk 0:51:50]} 19. Qf4 {[%clk 1:01:54]}  Ba7 {[%clk 0:49:55]} 20. Rad1 {[%clk 0:47:37]}  Bb8 {[%clk 0:40:15]} 21. Qh4 {[%clk 0:26:17]}  Qb6 {[%clk 0:37:10]} 22. Qh2 {[%clk 0:20:49]}  Nc5 {[%clk 0:34:45]} 23. Nd4 {[%clk 0:19:16]}  Qc7 {[%clk 0:30:30]} 24. Bg4 {[%clk 0:17:27]}  Re8 {[%clk 0:30:05]} 25. f4 {[%clk 0:15:08]}  Ne4 {[%clk 0:30:11]} 26. Bh4 {[%clk 0:14:49]}  Ba7 {[%clk 0:29:38]} 27. c3 {[%clk 0:11:43]}  Bc5 {[%clk 0:29:06]} 28. Bf3 {[%clk 0:11:06]}  Be7 {[%clk 0:27:59]} 29. Bxe4 {[%clk 0:10:11]}  Bxh4 {[%clk 0:28:01]} 30. Qxh4 {[%clk 0:09:19]}  dxe4 {[%clk 0:28:24]} 31. g4 {[%clk 0:09:02]}  Qe7 {[%clk 0:28:01]} 32. g5 {[%clk 0:08:34]}  Kh8 {[%clk 0:25:46]} 33. Rd2 {[%clk 0:08:14]}  Rad8 {[%clk 0:24:47]} 34. Rg2 {[%clk 0:07:50]}  Rg8 {[%clk 0:22:39]} 35. Kh2 {[%clk 0:06:43]}  Rde8 {[%clk 0:15:20]} 36. Reg1 {[%clk 0:06:26]}  Kh7 {[%clk 0:14:29]} 37. Rg3 {[%clk 0:04:37]}  Bd5 {[%clk 0:14:27]} 38. R1g2 {[%clk 0:04:59]}  Qd8 {[%clk 0:14:17]} 39. Qh3 {[%clk 0:05:00]}  f5 {[%clk 0:13:42]} 40. gxh6 {[%clk 0:00:52]}  gxh6 {[%clk 0:13:33]} 41. Rg6 {[%clk 0:24:26]}  Rxg6 {[%clk 0:43:29]} 42. Rxg6 {[%clk 0:24:38]}  Qe7 {[%clk 0:43:06]} 43. Rf6 {[%clk 0:19:03]}  Rg8 {[%clk 0:42:53]} 44. Nxf5 {[%clk 0:16:20]}  exf5 {[%clk 0:41:46]} 45. Qxf5+ {[%clk 0:16:35]}  Kg7 {[%clk 0:41:26]} 46. Rg6+ {[%clk 0:16:49]} 1-0

[Event "45th FIDE Chess Olympiad Open"]
[Site "Budapest, Hungary"]
[Date "2024.09.21"]
[Round "10"]
[White "Dennis, Nathan"]
[Black "Joao Farisse"]
[Result "0-1"]
[Board "268"]
[WhiteFideId "14346877"]
[BlackFideId "14800730"]
[WhiteElo "1828"]
[BlackElo "1851"]
[WhiteTeam "Bermuda"]
[BlackTeam "Mozambique"]
[WhiteClock "0:00:47"]
[BlackClock "0:18:11"]
[Variant "Standard"]

1. d4 {[%clk 1:30:55]}  Nf6 {[%clk 1:30:53]} 2. Nf3 {[%clk 1:31:15]}  d5 {[%clk 1:31:02]} 3. Bg5 {[%clk 1:28:59]}  e6 {[%clk 1:31:04]} 4. c3 {[%clk 1:28:17]}  Be7 {[%clk 1:31:18]} 5. Nbd2 {[%clk 1:21:42]}  Nbd7 {[%clk 1:30:28]} 6. h3 {[%clk 1:20:45]}  c5 {[%clk 1:30:41]} 7. e3 {[%clk 1:20:23]}  O-O {[%clk 1:31:02]} 8. Be2 {[%clk 1:19:16]}  Qc7 {[%clk 1:31:01]} 9. e4 {[%clk 1:02:42]}  cxd4 {[%clk 1:25:46]} 10. Nxd4 {[%clk 1:01:31]}  h6 {[%clk 1:21:09]} 11. Bh4 {[%clk 0:58:49]}  dxe4 {[%clk 1:12:58]} 12. Nxe4 {[%clk 0:55:52]}  Nxe4 {[%clk 1:10:23]} 13. Bxe7 {[%clk 0:55:55]}  Re8 {[%clk 1:10:46]} 14. Ba3 {[%clk 0:53:24]}  e5 {[%clk 1:06:24]} 15. Nb3 {[%clk 0:36:56]}  Ndf6 {[%clk 1:05:04]} 16. Qc2 {[%clk 0:22:31]}  Bf5 {[%clk 1:04:57]} 17. Bd3 {[%clk 0:22:15]}  Rad8 {[%clk 1:04:32]} 18. O-O {[%clk 0:20:57]}  Bg6 {[%clk 1:02:15]} 19. Rad1 {[%clk 0:18:35]}  Bh5 {[%clk 0:52:53]} 20. Be2 {[%clk 0:15:28]}  Rxd1 {[%clk 0:46:48]} 21. Rxd1 {[%clk 0:15:12]}  Bg6 {[%clk 0:47:01]} 22. Bd3 {[%clk 0:09:39]}  Bh5 {[%clk 0:40:00]} 23. Be2 {[%clk 0:05:11]}  Ng5 {[%clk 0:35:38]} 24. Bxh5 {[%clk 0:05:11]}  Nxh5 {[%clk 0:35:59]} 25. h4 {[%clk 0:04:19]}  Ne6 {[%clk 0:34:21]} 26. Bd6 {[%clk 0:04:42]}  Qc6 {[%clk 0:34:36]} 27. Bxe5 {[%clk 0:04:44]}  Nef4 {[%clk 0:34:37]} 28. Bxf4 {[%clk 0:04:17]}  Nxf4 {[%clk 0:34:27]} 29. f3 {[%clk 0:04:06]}  Ne2+ {[%clk 0:25:41]} 30. Kf2 {[%clk 0:03:44]}  Qc7 {[%clk 0:25:56]} 31. Nd4 {[%clk 0:02:42]}  Qg3+ {[%clk 0:25:30]} 32. Kf1 {[%clk 0:03:05]}  Nf4 {[%clk 0:23:44]} 33. Qf2 {[%clk 0:03:17]}  Qg6 {[%clk 0:18:20]} 34. g3 {[%clk 0:02:32]}  Qa6+ {[%clk 0:18:37]} 35. Ne2 {[%clk 0:00:55]}  Rxe2 {[%clk 0:18:50]} 36. Qc5 {[%clk 0:00:33]}  Re1+ {[%clk 0:17:48]} 37. Kf2 {[%clk 0:00:47]}  Qe2# {[%clk 0:18:11]} 0-1